<?xml version="1.0" encoding="UTF-8"?>
<collection xmlns="http://www.loc.gov/MARC21/slim">
 <record>
  <leader>00836pamaa2200217   4500</leader>
  <controlfield tag="001">0000044578</controlfield>
  <controlfield tag="005">20140605090000.0</controlfield>
  <controlfield tag="008">081114                             bm   </controlfield>
  <datafield tag="020" ind1="0" ind2="0">
   <subfield code="a">9789833718467 (CD-ROM) </subfield>
  </datafield>
  <datafield tag="090" ind1="0" ind2="0">
   <subfield code="a">HD62.5 </subfield>
   <subfield code="b">ISM 2008</subfield>
  </datafield>
  <datafield tag="100" ind1="1" ind2="1">
   <subfield code="a">Ismail Ab. Wahab </subfield>
  </datafield>
  <datafield tag="245" ind1="1" ind2="0">
   <subfield code="a">Panduan memulakan perniagaan [</subfield>
   <subfield code="m">CD-ROM] : </subfield>
   <subfield code="b">budaya keusahawanan  </subfield>
   <subfield code="c">Ismail Ab. Wahab, Zarina Salleh, Siti Zahrah Buyong.</subfield>
  </datafield>
  <datafield tag="260" ind1="0" ind2="0">
   <subfield code="a">Shah Alam, Selangor: </subfield>
   <subfield code="b">Arah Publications, </subfield>
   <subfield code="c">2008.</subfield>
  </datafield>
  <datafield tag="300" ind1=" " ind2=" ">
   <subfield code="a">1 CD-ROM; </subfield>
   <subfield code="c">4.5 inch.</subfield>
  </datafield>
  <datafield tag="500" ind1="0" ind2="0">
   <subfield code="a">To accompany textbook titled &quot;Panduan memulakan perniagaan : budaya keusahawanan / Ismail Ab. Wahab, Zarina Salleh, Siti Zahrah Buyong&quot;</subfield>
  </datafield>
  <datafield tag="501" ind1="0" ind2="0">
   <subfield code="a">CED</subfield>
  </datafield>
  <datafield tag="650" ind1="0" ind2="0">
   <subfield code="a">New business enterprises </subfield>
  </datafield>
  <datafield tag="650" ind1="0" ind2="0">
   <subfield code="a">Entrepreneurship </subfield>
  </datafield>
  <datafield tag="700" ind1="1" ind2="1">
   <subfield code="a">Zarina Salleh </subfield>
  </datafield>
  <datafield tag="700" ind1="1" ind2="1">
   <subfield code="a">Siti Zahrah Buyong </subfield>
  </datafield>
  <datafield tag="901" ind1=" " ind2=" ">
   <subfield code="u">www.arahpendidikan.com.my</subfield>
  </datafield>
 </record>
</collection>
